| 000 | 00574nam a22001937a 4500 | ||
|---|---|---|---|
| 003 | LK-CoMWRAF | ||
| 005 | 20231206154621.0 | ||
| 008 | 230929b1999 |||||||| |||| 00| 0 eng d | ||
| 020 | _a0314205616 | ||
| 040 |
_aLK-CoMWRAF _dLK-CoMWRAF _eLK-CoMWRAF |
||
| 041 | _aeng | ||
| 082 |
_a900 _bSPI |
||
| 100 | _a Spielvogel, Jackson | ||
| 245 | _aWorld history : the human odyssey | ||
| 260 |
_a Illinois: _bNational Text Book Company, _c1999 |
||
| 300 |
_axxviii, [1168]p. : col. ill., col. photos., maps _bGlossary and index included |
||
| 650 | _aWORLD HISTORY | ||
| 942 | _cBK | ||
| 999 |
_c3739 _d3739 |
||